Mots cachés n°38 - Statistiques

Statistiques générales
  • Ce quiz a été pris 172 fois
  • Le résultat moyen est 23 sur 25
Statistiques - réponses
Question Tuile Select % Correct
poêle, orée, miel et pis. B Non
99%
poêle, orée, miel et pis. C Non
99%
poêle, orée, miel et pis. N Non
98%
poêle, orée, miel et pis. U Non
98%
poêle, orée, miel et pis. S Non
97%
poêle, orée, miel et pis. O Oui
96%
poêle, orée, miel et pis. O Non
96%
poêle, orée, miel et pis. P Oui
96%
poêle, orée, miel et pis. E Oui
94%
poêle, orée, miel et pis. E Oui
94%
poêle, orée, miel et pis. I Oui
94%
poêle, orée, miel et pis. O Non
93%
poêle, orée, miel et pis. S Non
93%
poêle, orée, miel et pis. M Oui
92%
poêle, orée, miel et pis. R Oui
92%
poêle, orée, miel et pis. E Oui
91%
poêle, orée, miel et pis. I Oui
91%
poêle, orée, miel et pis. O Non
91%
poêle, orée, miel et pis. L Non
90%
poêle, orée, miel et pis. L Oui
89%
poêle, orée, miel et pis. E Non
88%
poêle, orée, miel et pis. L Oui
88%
poêle, orée, miel et pis. S Oui
88%
poêle, orée, miel et pis. P Non
84%
poêle, orée, miel et pis. O Oui
82%
Aucun quiz correspondant
Distribution des résultats
% des personnes avec chaque résultat
Percentile par nombre de réponses
Votre historique - résultats
Vous n’avez pas pris ce quiz